Normal view
MARC view
- Álvarez, Rafael
Entry Nom personal
001 - NÚMERO DE CONTROL
- campo de control: 168304
003 - IDENTIFICADOR DEL NÚMERO DE CONTROL
- campo de control: ES-BaIT
005 - FECHA Y HORA DE LA ÚLTIMA TRANSACCIÓN
- campo de control: 20260203113719.0
008 - DATOS DE LONGITUD FIJA
- campo de control de longitud fija: 260203|| aca||aabn | a|a d
040 ## - FUENTE DE LA CATALOGACIÓN
- Centro catalogador/agencia de origen: ES-BaIT
100 1# - ENCABEZAMIENTO-NOMBRE DE PERSONA
- Nombre de persona: Álvarez, Rafael
- Títulos y otros términos asociados al nombre: el Brujo
- Fechas asociadas al nombre: 1950-


